00478nas a22001453 450000100090000000800410000901000170005002200140006724500580008126000280013930000140016731000140018171000580019527000790025311086169960819u xx u 0 0 0und  asv 96005817  a0970-7700 aJournal of research and education in Indian medicine. aVaranasibJREIMc2009*- av.c24 cm aquarterly aInternational Board of Distinguished Advisory Editors aB-29/19, Lanka Sankat Mochan Road, PO BHUbVaranasie221005zwww.jreim.com